000 02048 a2200289 4500
003 OSt
005 20180116192334.0
008 120419t xxu||||| |||| 00| 0 eng d
010 _a2005534399
020 _a8884917328
035 _a(OCoLC)ocm57695793
040 _c0
082 0 0 _a720.92
100 1 _aTerragni, Attilio Alberto,
_9830
245 1 4 _aThe Terragni atlas :
_bbuilt architectures /
_cAttilio Terragni, Daniel Libeskind, Paolo Rosselli.
260 _aMilan :
_bSkira,
_cc2004.
300 _a423 p. :
_bill. (some col.) ;
_c30 cm.
505 0 _aThe world of Terragni -- The Terragni Atlas / Attilio Terragni -- Building Themes -- Mouldings -- Marble -- Progress in light and air -- The glass revolution -- Linoleum -- Progress in structures -- Polemics -- Proportions -- Life after life / Daniel Libeskind -- The Terragni Atlas -- Sant'Elia nursery school, Como -- Casa Giuliani Frigerio, Como -- Casa del Fascio, Como -- Giuseppe Terragni. First architect of time -- Novocomum, Como -- Villa Bianca, Seveso -- Monument to the fallen, Como -- Funerary aedicules, Como -- Monument to the fallen, Erba -- Sarfatti monument, Col d'Echele -- Casa del Fascio, Lissone -- Residential buildings, Milan -- How I photographed Terragni / Paolo Rosselli -- Materials and colours -- Giuseppe Terragni -- Biography of Giuseppe Terragni / Alberto Sartoris -- Biography of Giuseppe Terragni / Pietro Lingeri -- General list of works -- List of works presented in the Terragni Atlas.
600 1 0 _aTerragni, Giuseppe,
_d1904-1943
_xCriticism and interpretation.
_9831
650 0 _aArchitecture
_zItaly
_xHistory
_y20th century.
_9832
700 1 _aLibeskind, Daniel,
_d1946-
_9833
700 1 _aRosselli, Paolo.
_9834
856 4 2 _3Contributor biographical information
_uhttp://www.loc.gov/catdir/enhancements/fy0628/2005534399-b.html
856 4 2 _3Publisher description
_uhttp://www.loc.gov/catdir/enhancements/fy0628/2005534399-d.html
942 _aSADA
_cREF
_k720.92 TER 2004
_2ddc
999 _c352425
_d352425